| 000 | 00807nam a2200241 i 4500 | ||
|---|---|---|---|
| 001 | 182120 | ||
| 003 | ES-MaACL | ||
| 005 | 20250627063701.0 | ||
| 008 | 130618s2013 sp |||| | spa d | ||
| 020 | _a978-84-940581-3-4 | ||
| 080 | _a821.134.2-14"20" | ||
| 100 | 1 |
_aJulio Santiago, _d1975- _9152903 |
|
| 245 | 1 | 0 |
_aWersículos / _cJulio Santiago ; ilustrado por Marisa Babiano ; [prólogo de Rafael César Montesinos]. |
| 250 | _a[1ª ed.]. | ||
| 260 |
_aMadrid : _bCuadernos del Laberinto, _c2013. |
||
| 300 |
_aX, 105 p. : _bil. ; _c18 cm. |
||
| 490 | 1 |
_aColección Berbiquí ; _v4 |
|
| 700 | 1 |
_aBabiano, Marisa. _9152904 |
|
| 700 | 1 |
_aMontesinos, Rafael César. _9139132 |
|
| 830 | 0 |
_aColección Berbiquí ; _v4 _9191737 |
|
| 852 |
_aES-MaACL _j2176-F-14 |
||
| 999 |
_c182120 _d182120 |
||